[Event "Perm op 06"]
[Site "Perm"]
[Date "2010.06.21"]
[Round "1"]
[White "Drozdov, Alexander"]
[Black "Tsyganov, Alexander"]
[Result "0-1"]
[WhiteElo "2037"]
[BlackElo "2106"]
[PlyCount "102"]
[EventDate "2010.06.21"]
[EventType "swiss"]
[EventRounds "9"]
[EventCountry "RUS"]
[SourceTitle "CBM 137 Extra"]
[Source "ChessBase"]
[SourceDate "2010.09.01"]
[SourceVersion "1"]
[SourceVersionDate "2010.09.01"]
[SourceQuality "1"]

1. Nf3 Nf6 2. b3 d6 3. Bb2 e5 4. d3 g6 5. g3 Bg7 6. Bg2 0-0 7. Nbd2 c5 8. a4 Nc6 9. 0-0 Ne8 10. Nc4 Nc7 11. e4 f5 12. exf5 Bxf5 13. Qd2 Bg4 14. Ne1 d5 15. Ne3 Bh6 16. f4 Be6 17. Qe2 exf4 18. Ng4 Bxg4 19. Qxg4 fxg3 20. Qxg3 Rxf1+ 21. Kxf1 Qf8+ 22. Nf3 Qf4 23. Qh3 Bg7 24. Bxg7 Kxg7 25. Re1 Rf8 26. Kg1 Rf5 27. Qg3 Qxg3 28. hxg3 Rf6 29. Re2 h6 30. c3 Re6 31. Rxe6 Nxe6 32. Nd2 d4 33. c4 Ne5 34. Bxb7 Nxd3 35. Be4 Ne5 36. Kf2 Ng5 37. Bg2 Kf6 38. Bb7 Ng4+ 39. Ke2 Ke5 40. Bc8 Nf6 41. Kd3 Nfe4 42. Nf1 Nd6 43. Bd7 Nge4 44. Bc6 h5 45. a5 g5 46. a6 g4 47. Bd7 Nc3 48. Nh2 Na2 49. Bb5 Nb4+ 50. Ke2 d3+ 51. Kd2 Ne4+ 0-1

[Event "Perm op 04"]
[Site "Perm"]
[Date "2010.04.24"]
[Round "3"]
[White "Goldshtein, Grigory"]
[Black "Drozdov, Alexander"]
[Result "1-0"]
[WhiteElo "2114"]
[BlackElo "1603"]
[PlyCount "95"]
[EventDate "2010.04.22"]
[EventType "swiss"]
[EventRounds "9"]
[EventCountry "RUS"]
[SourceTitle "EXT 2012"]
[Source "ChessBase"]
[SourceDate "2011.11.24"]
[SourceVersion "1"]
[SourceVersionDate "2011.11.24"]
[SourceQuality "1"]

1. Nf3 Nf6 2. c4 g6 3. b3 Bg7 4. Bb2 c6 5. g3 d5 6. Bg2 0-0 7. 0-0 Nbd7 8. d4 Qc7 9. Nbd2 Ne4 10. Nxe4 dxe4 11. Ng5 Rd8 12. Qc1 Nf6 13. e3 Bf5 14. Qb1 Rd7 15. Nxe4 Nxe4 16. Bxe4 Bxe4 17. Qxe4 c5 18. Rfd1 Rad8 19. Rd3 e5 20. d5 f5 21. Qg2 e4 22. Rd2 Bxb2 23. Rxb2 Qe5 24. Rab1 Qc3 25. Qf1 Rd6 26. Qe1 Qxe1+ 27. Rxe1 Rb6 28. Rd1 Kf7 29. h4 h5 30. Kf1 Kf6 31. Ke2 Ke5 32. Kd2 a5 33. Kc3 Kd6 34. Rdb1 Ra8 35. a3 Raa6 36. f3 exf3 37. Rf1 Ke5 38. Rxf3 Ra8 39. Re2 Rf6 40. Rf4 Re8 41. e4 Kd6 42. b4 axb4+ 43. axb4 Rff8 44. e5+ Kc7 45. bxc5 Ra8 46. Re3 Rfe8 47. e6 Ra2 48. Kd4 1-0

[Event "Perm op-B 01"]
[Site "Perm"]
[Date "2010.01.23"]
[Round "3"]
[White "Drozdov, Alexander"]
[Black "Kolotov, Vsevolod"]
[Result "1-0"]
[WhiteElo "2039"]
[BlackElo "2067"]
[PlyCount "109"]
[EventDate "2010.01.21"]
[EventType "swiss"]
[EventRounds "9"]
[EventCountry "RUS"]
[SourceTitle "EXT 2012"]
[Source "ChessBase"]
[SourceDate "2011.11.24"]
[SourceVersion "1"]
[SourceVersionDate "2011.11.24"]
[SourceQuality "1"]

1. e4 c5 2. Nf3 d6 3. d4 cxd4 4. Nxd4 Nf6 5. Bd3 Nc6 6. c3 e5 7. Nc2 Be7 8. 0-0 0-0 9. Ne3 Be6 10. Nd5 Rc8 11. Na3 Re8 12. Nc2 Nb8 13. Be3 b6 14. h3 Nbd7 15. Ba6 Rb8 16. Ncb4 Bxd5 17. exd5 Qc7 18. Qe2 Nc5 19. Bb5 Rf8 20. Rad1 Ra8 21. Bc6 Rac8 22. Kh2 a5 23. Nc2 Nfd7 24. f3 Nb8 25. Bb5 Qd8 26. b4 Ncd7 27. c4 axb4 28. Nxb4 Nc5 29. Nd3 Nxd3 30. Rxd3 Bg5 31. Bf2 Nd7 32. Rb1 Nc5 33. Ra3 Qf6 34. Bc6 Rb8 35. Ra7 h5 36. Bxc5 bxc5 37. Rbb7 Rxb7 38. Rxb7 h4 39. Qe4 Bf4+ 40. Kg1 Qg5 41. Qe1 Bg3 42. Qf1 Bf4 43. Rb3 Qg3 44. Qf2 Qg5 45. a4 f5 46. a5 e4 47. a6 e3 48. Qe1 Be5 49. a7 Qf4 50. Rb8 Qh2+ 51. Kf1 Qh1+ 52. Ke2 Qxg2+ 53. Kd3 Bg3 54. Rxf8+ Kxf8 55. a8Q+ 1-0

[Event "Perm op-A 01"]
[Site "Perm"]
[Date "2010.01.04"]
[Round "1"]
[White "Fotin, Vladimir"]
[Black "Drozdov, Alexander"]
[Result "1-0"]
[WhiteElo "2022"]
[BlackElo "1748"]
[PlyCount "45"]
[EventDate "2010.01.04"]
[EventType "swiss"]
[EventRounds "9"]
[EventCountry "RUS"]
[SourceTitle "EXT 2012"]
[Source "ChessBase"]
[SourceDate "2011.11.24"]
[SourceVersion "1"]
[SourceVersionDate "2011.11.24"]
[SourceQuality "1"]

1. e4 e6 2. d4 d5 3. Nd2 dxe4 4. Nxe4 Nf6 5. Bd3 Nbd7 6. Nf3 Nxe4 7. Bxe4 Nf6 8. Bd3 Be7 9. 0-0 0-0 10. Qe2 b6 11. Bg5 Bb7 12. Rad1 Re8 13. Ne5 Nd5 14. Bxh7+ Kxh7 15. Qh5+ Kg8 16. Qxf7+ Kh7 17. Qg6+ Kg8 18. Qxe6+ Kh7 19. Qg6+ Kg8 20. Qf7+ Kh7 21. Rd3 Bxg5 22. Rh3+ Bh6 23. Rxh6+ 1-0

[Event "Perm op-A 03"]
[Site "Perm"]
[Date "2009.03.16"]
[Round "6"]
[White "Drozdov, Alexander"]
[Black "Chumakov, Anatoly"]
[Result "0-1"]
[WhiteElo "1600"]
[BlackElo "2082"]
[PlyCount "34"]
[EventDate "2009.03.11"]
[EventType "swiss"]
[EventRounds "9"]
[EventCountry "RUS"]
[SourceTitle "EXT 2022"]
[Source "ChessBase"]
[SourceDate "2021.10.06"]
[SourceVersion "1"]
[SourceVersionDate "2021.10.06"]
[SourceQuality "1"]

1. d4 c5 2. Nf3 cxd4 3. Nxd4 Nf6 4. c4 b6 5. Nc3 Bb7 6. Nf3 e6 7. e3 a6 8. g3 Be7 9. Bg2 0-0 10. 0-0 Qc7 11. Qb3 Nc6 12. Qc2 Na5 13. b3 Rac8 14. Bb2 b5 15. Rac1 bxc4 16. b4 Nb3 17. Rcd1 d5 0-1

[Event "Perm op-A 03"]
[Site "Perm"]
[Date "2009.03.15"]
[Round "5"]
[White "Turov, Vladimir"]
[Black "Drozdov, Alexander"]
[Result "1-0"]
[WhiteElo "2134"]
[BlackElo "1600"]
[PlyCount "77"]
[EventDate "2009.03.11"]
[EventType "swiss"]
[EventRounds "9"]
[EventCountry "RUS"]
[SourceTitle "EXT 2022"]
[Source "ChessBase"]
[SourceDate "2021.10.06"]
[SourceVersion "1"]
[SourceVersionDate "2021.10.06"]
[SourceQuality "1"]

1. d4 d5 2. Nf3 e6 3. g3 Nf6 4. Bg2 c6 5. 0-0 Be7 6. b3 Nbd7 7. c4 0-0 8. Bb2 Re8 9. Nbd2 Qc7 10. Rc1 Bf8 11. Qc2 Qa5 12. a3 Qd8 13. Ne5 g6 14. f3 Bg7 15. Nxd7 Bxd7 16. e4 Kh8 17. e5 Ng8 18. f4 Nh6 19. Nf3 Rc8 20. Qd3 Rf8 21. h4 Qe7 22. a4 Be8 23. cxd5 exd5 24. Ng5 Bd7 25. Bh3 Bxh3 26. Nxh3 Qe6 27. Ng5 Qg4 28. Qf3 Qf5 29. Qe2 Rfe8 30. Kg2 Kg8 31. h5 Qg4 32. Qxg4 Nxg4 33. Rh1 f6 34. Nf3 f5 35. hxg6 h6 36. Rh5 Re6 37. Nh4 Rf8 38. Ba3 Rfe8 39. Nxf5 1-0

[Event "Perm op-A 03"]
[Site "Perm"]
[Date "2009.03.14"]
[Round "4"]
[White "Drozdov, Alexander"]
[Black "Apsatarov, Ivan"]
[Result "1-0"]
[WhiteElo "2028"]
[BlackElo "2080"]
[PlyCount "53"]
[EventDate "2009.03.11"]
[EventType "swiss"]
[EventRounds "9"]
[EventCountry "RUS"]
[SourceTitle "EXT 2022"]
[Source "ChessBase"]
[SourceDate "2021.10.06"]
[SourceVersion "1"]
[SourceVersionDate "2021.10.06"]
[SourceQuality "1"]

1. d4 d5 2. c4 e6 3. g3 c6 4. cxd5 exd5 5. Bg2 Bf5 6. Nc3 Nf6 7. Qb3 Qb6 8. Qd1 Nbd7 9. Nf3 Bd6 10. 0-0 0-0 11. Nh4 Bg6 12. Nxg6 hxg6 13. a3 a5 14. Re1 Rfe8 15. Rb1 Re7 16. f3 Rae8 17. Kh1 Nf8 18. Qd3 Ne6 19. Be3 Qa7 20. Bg1 Nh5 21. e4 Bxg3 22. hxg3 Nxg3+ 23. Kh2 Nh5 24. Bf2 Nef4 25. Qd2 g5 26. b4 axb4 27. axb4 1-0